[Event "34. Copenhagen Open (Politiken Cup)"]
[Site "Elsinore"]
[Date "2012.07.30"]
[Round "4"]
[White "Caceres, Cipriano Sande"]
[Black "Christensen, Uffe Stenberg"]
[Result "0-1"]
[WhiteElo "1709"]
[BlackElo "1913"]
[PlyCount "106"]
[EventDate "2012.07.28"]
[EventType "swiss"]
[EventRounds "10"]
[EventCountry "DEN"]
[Source "ChessBase"]
[SourceDate "2012.08.24"]

1. c4 Nf6 2. Nc3 d6 3. d4 Nbd7 4. Nf3 e5 5. dxe5 dxe5 6. Bg5 Be7 7. Bxf6 Bxf6
8. Nd5 O-O 9. Qc2 c6 10. Nxf6+ Qxf6 11. Nd2 Nc5 12. Rd1 Bf5 13. e4 Bg6 14. Be2
Qf4 15. g3 Qf6 16. O-O Rad8 17. f3 Ne6 18. Nb3 c5 19. Rd5 b6 20. Qd2 Nd4 21.
Nxd4 exd4 22. Bd3 Qe6 23. Kg2 f6 24. Re1 Bf7 25. f4 Qc6 26. Rxd8 Rxd8 27. Qe2
Re8 28. Kf2 Qd7 29. g4 Qc7 30. Qf3 b5 31. b3 bxc4 32. bxc4 Rb8 33. Re2 Rb4 34.
e5 fxe5 35. Rxe5 Rb2+ 36. Kg3 g6 37. Re2 Rxe2 38. Qxe2 g5 39. Qe5 Qxe5 40. fxe5
Kf8 41. h4 h6 42. hxg5 hxg5 43. Kf2 Ke7 44. Kf3 Ke6 45. Bf5+ Kxe5 46. Bd3 Be6
47. a3 Bd7 48. Be2 Bc6+ 49. Kg3 Be4 50. Bd1 Bd3 51. Bb3 Be2 52. Ba2 Ke4 53. Bb3
Ke3 0-1

[Event "34. Copenhagen Open (Politiken Cup)"]
[Site "Elsinore"]
[Date "2012.07.30"]
[Round "4"]
[White "Carlstedt, Jonathan"]
[Black "Larsen, Mikael"]
[Result "1/2-1/2"]
[WhiteElo "2352"]
[BlackElo "2067"]
[PlyCount "167"]
[EventDate "2012.07.28"]
[EventType "swiss"]
[EventRounds "10"]
[EventCountry "DEN"]
[Source "ChessBase"]
[SourceDate "2012.08.24"]

1. c4 e6 2. g3 d5 3. Bg2 Nf6 4. Nf3 Be7 5. O-O O-O 6. b3 b6 7. Bb2 Bb7 8. Qc2
Nbd7 9. Nc3 c5 10. cxd5 Nxd5 11. Rad1 Rc8 12. Qb1 Qc7 13. Rfe1 Nxc3 14. dxc3
Rfd8 15. Bc1 Nf6 16. Bf4 Bd6 17. Bg5 Be7 18. c4 Rxd1 19. Rxd1 Be4 20. Qc1 Rd8
21. Bf4 Rxd1+ 22. Qxd1 Qd7 23. Qxd7 Nxd7 24. Bc7 Bf6 25. Kf1 Bxf3 26. Bxf3 Be5
27. Bd8 Bf6 28. Bxf6 Nxf6 29. a3 Kf8 30. b4 Ke7 31. bxc5 bxc5 32. Ke1 Kd6 33.
Kd2 Nd7 34. e3 Nb6 35. Kd3 g6 36. Be2 h6 37. Ke4 f5+ 38. Kd3 Ke5 39. f4+ Kf6
40. e4 e5 41. Ke3 Nc8 42. exf5 gxf5 43. h3 Ne7 44. Bh5 Nc6 45. Bf3 Nd4 46. Bd5
Nc2+ 47. Kd3 Nd4 48. fxe5+ Kxe5 49. a4 a5 50. h4 Nb3 51. Ke3 Nd4 52. Bg8 Nc2+
53. Kd3 Nd4 54. Bf7 Nf3 55. Bd5 Nd4 56. Ke3 Nc2+ 57. Kf3 Nd4+ 58. Kg2 Nc2 59.
Kf3 Nd4+ 60. Kf2 Kf6 61. Bf3 Ke5 62. Bd1 Ke4 63. Bh5 Nc2 64. g4 Kf4 65. gxf5
Kxf5 66. Kf3 Nd4+ 67. Kg3 Nb3 68. Be8 Nd2 69. Bf7 Ne4+ 70. Kf3 Nd6 71. Bg8 Ne8
72. Bh7+ Ke5 73. Ke3 Nf6 74. Bg6 Nd7 75. Be8 Nf6 76. Bc6 Ng4+ 77. Kf3 Nf6 78.
Bb5 Nh5 79. Be8 Nf6 80. Bb5 Nh5 81. Bd7 Nf6 82. Bh3 Nh5 83. Bf1 Nf6 84. Bh3
1/2-1/2

[Event "34. Copenhagen Open (Politiken Cup)"]
[Site "Elsinore"]
[Date "2012.07.30"]
[Round "4"]
[White "Cherednichenko, Svetlana"]
[Black "Hansen, Sune Berg"]
[Result "0-1"]
[WhiteElo "2293"]
[BlackElo "2577"]
[PlyCount "84"]
[EventDate "2012.07.28"]
[EventType "swiss"]
[EventRounds "10"]
[EventCountry "DEN"]
[Source "ChessBase"]
[SourceDate "2012.08.24"]

1. d4 Nf6 2. Nf3 e6 3. e3 c5 4. Bd3 d5 5. b3 Nc6 6. a3 b6 7. Bb2 Bb7 8. Nbd2
Bd6 9. Ne5 O-O 10. O-O Ne7 11. f4 Rc8 12. Rf3 cxd4 13. exd4 Rc7 14. Qe2 Qc8 15.
Re1 g6 16. Rh3 Ne8 17. Qf2 f6 18. Ng4 Nf5 19. Ne3 Neg7 20. g4 Nxe3 21. Rexe3 f5
22. Qh4 Ne8 23. gxf5 exf5 24. Nf3 Nf6 25. Ne5 Rg7 26. Kf1 Ne4 27. Qh6 Rf6 28.
Bxe4 fxe4 29. Rc3 Qf5 30. Bc1 Bxe5 31. dxe5 Qxe5 32. Ke1 Qd6 33. Qh4 d4 34.
Rcg3 e3 35. f5 Rxf5 36. Bb2 Qc6 37. Qd8+ Rf8 38. Qxd4 Qh1+ 39. Ke2 Rf2+ 40.
Kxe3 Re7+ 41. Kd3 Qf1+ 42. Kc3 Qe1+ 0-1

[Event "34. Copenhagen Open (Politiken Cup)"]
[Site "Elsinore"]
[Date "2012.07.30"]
[Round "4"]
[White "Christenson, Bjorn Aa"]
[Black "Moerling, Joakim"]
[Result "1/2-1/2"]
[WhiteElo "1888"]
[BlackElo "1685"]
[PlyCount "128"]
[EventDate "2012.07.28"]
[EventType "swiss"]
[EventRounds "10"]
[EventCountry "DEN"]
[Source "ChessBase"]
[SourceDate "2012.08.24"]

1. e4 e6 2. d4 d5 3. Nd2 Nf6 4. e5 Nfd7 5. Bd3 c5 6. c3 Nc6 7. Ne2 cxd4 8. cxd4
f6 9. exf6 Nxf6 10. O-O Bd6 11. Nf3 Qc7 12. Bg5 O-O 13. Qc2 h6 14. Bh4 Nh5 15.
Bg6 Rxf3 16. gxf3 Bxh2+ 17. Kg2 Nf4+ 18. Nxf4 Qxf4 19. Bg3 Bxg3 20. fxg3 Qxd4
21. Be8 Nb4 22. Qe2 Qd3 23. Rf2 Qxe2 24. Rxe2 Kf8 25. Bh5 Nc6 26. Rd1 d4 27. f4
Bd7 28. Bf3 Ke7 29. Kf2 Rd8 30. a3 g5 31. Bxc6 Bxc6 32. f5 e5 33. Rxe5+ Kf6 34.
Rc5 Ba4 35. Rd2 d3 36. Ke3 Bc2 37. g4 Re8+ 38. Kf3 Re1 39. Rc4 Rh1 40. Re4 h5
41. Re6+ Kf7 42. gxh5 Rxh5 43. Kg4 Rh1 44. Kxg5 Rg1+ 45. Kf4 Rf1+ 46. Ke5 Rb1
47. b4 Re1+ 48. Kd6 Rf1 49. Re7+ Kf6 50. Rxb7 Rd1 51. Rxd1 Bxd1 52. Rh7 Be2 53.
Kc7 d2 54. Rd7 d1=Q 55. Rxd1 Bxd1 56. Kb7 a5 57. bxa5 Kxf5 58. a6 Ke6 59. Kc7
Bf3 60. a4 Ke7 61. a5 Bg2 62. a7 Bh1 63. a6 Ba8 64. Kc8 Ke8 1/2-1/2

[Event "34. Copenhagen Open (Politiken Cup)"]
[Site "Elsinore"]
[Date "2012.07.30"]
[Round "4"]
[White "Christiansen, Niels Jorgen"]
[Black "Nielsen, Aage Sondergaard"]
[Result "0-1"]
[WhiteElo "1775"]
[BlackElo "1957"]
[PlyCount "100"]
[EventDate "2012.07.28"]
[EventType "swiss"]
[EventRounds "10"]
[EventCountry "DEN"]
[Source "ChessBase"]
[SourceDate "2012.08.24"]

1. e4 e5 2. Nf3 Nc6 3. Bb5 a6 4. Ba4 Nf6 5. O-O b5 6. Bb3 d6 7. Re1 Bg4 8. c3
Na5 9. Bc2 c5 10. d3 Be7 11. Bg5 h6 12. Bxf6 Bxf6 13. Nbd2 Nc6 14. Nf1 Qd7 15.
Ne3 O-O 16. Nd5 Bd8 17. h3 Be6 18. d4 cxd4 19. cxd4 Rc8 20. Bb3 Qa7 21. dxe5
dxe5 22. Rc1 Ba5 23. Nc3 Rfd8 24. Qe2 Bxb3 25. axb3 Nd4 26. Qe3 f6 27. Red1 Bb6
28. Nd5 Bc5 29. Qd3 Ne6 30. Qf1 Qf7 31. b4 Ba7 32. Ra1 Rc6 33. Nc3 Nd4 34. Nxd4
Bxd4 35. Ne2 Qb3 36. Nc3 Qxb4 37. Nd5 Qd6 38. Ne3 Qc7 39. Rac1 Rc8 40. Nd5 Qa7
41. Rxc6 Rxc6 42. Qe2 Qf7 43. Nb4 Rd6 44. Kf1 Qb3 45. Qd2 Qc4+ 46. Nd3 Bxb2 47.
Qxb2 Rxd3 48. Rxd3 Qxd3+ 49. Kg1 Qc4 50. f3 Qd4+ 0-1

[Event "34. Copenhagen Open (Politiken Cup)"]
[Site "Elsinore"]
[Date "2012.07.30"]
[Round "4"]
[White "Christophersen, David"]
[Black "Marder, Simon"]
[Result "1/2-1/2"]
[WhiteElo "1832"]
[BlackElo "2013"]
[PlyCount "30"]
[EventDate "2012.07.28"]
[EventType "swiss"]
[EventRounds "10"]
[EventCountry "DEN"]
[Source "ChessBase"]
[SourceDate "2012.08.24"]

1. d4 d5 2. c4 e5 3. dxe5 d4 4. e3 Bb4+ 5. Bd2 dxe3 6. Qa4+ Bd7 7. Qxb4 Nc6 8.
Qc3 exd2+ 9. Nxd2 Qe7 10. O-O-O O-O-O 11. f4 Bf5 12. Qa3 Qxa3 13. bxa3 Nge7 14.
Ngf3 h5 15. Be2 h4 1/2-1/2

[Event "34. Copenhagen Open (Politiken Cup)"]
[Site "Elsinore"]
[Date "2012.07.30"]
[Round "4"]
[White "Clementsson, Jan"]
[Black "Frisvold, Ole Emil"]
[Result "1-0"]
[WhiteElo "2115"]
[BlackElo "1960"]
[PlyCount "73"]
[EventDate "2012.07.28"]
[EventType "swiss"]
[EventRounds "10"]
[EventCountry "DEN"]
[Source "ChessBase"]
[SourceDate "2012.08.24"]

1. e4 c5 2. Nf3 g6 3. d4 cxd4 4. Qxd4 Nf6 5. e5 Nc6 6. Qa4 Nd5 7. Qe4 Nc7 8.
Nc3 Bg7 9. Bc4 O-O 10. O-O Rb8 11. Bg5 b5 12. Bb3 Bb7 13. Qh4 Ne6 14. Rad1 Nxg5
15. Nxg5 h6 16. Nxf7 Rxf7 17. Bxf7+ Kxf7 18. e6+ Kg8 19. exd7 e5 20. Qg4 Nd4
21. Nxb5 Nxb5 22. Qc4+ Kh7 23. Qxb5 a6 24. Qb3 Qc7 25. d8=Q Rxd8 26. Rxd8 Qxd8
27. Qxb7 Qd4 28. Qxa6 Qxb2 29. Qc4 h5 30. a4 Qa3 31. h4 Qe7 32. Qe4 Bf6 33. Rb1
Kh6 34. Rb6 Qd8 35. Qe3+ Kg7 36. Rb7+ Kg8 37. Qb3+ 1-0

[Event "34. Copenhagen Open (Politiken Cup)"]
[Site "Elsinore"]
[Date "2012.07.30"]
[Round "4"]
[White "Eriksson, Kristian"]
[Black "Schmidt, Horst Hubert"]
[Result "1-0"]
[WhiteElo "2082"]
[BlackElo "1854"]
[PlyCount "81"]
[EventDate "2012.07.28"]
[EventType "swiss"]
[EventRounds "10"]
[EventCountry "DEN"]
[Source "ChessBase"]
[SourceDate "2012.08.24"]

1. e4 e6 2. d4 d5 3. e5 c5 4. Nf3 Qb6 5. Bd3 Nc6 6. O-O Bd7 7. Nbd2 c4 8. Be2
Nxd4 9. Nxd4 Qxd4 10. Bf3 Qxe5 11. Re1 Qd6 12. Nf1 Be7 13. Bd2 Nf6 14. a3 a5
15. Bc3 O-O 16. Ne3 Rfe8 17. Qd4 Qc5 18. Qd2 Qc7 19. Rad1 Bc6 20. Qd4 b5 21. b4
axb4 22. axb4 Ra4 23. Ng4 Bxb4 24. Nxf6+ gxf6 25. Qg4+ Kf8 26. Bxf6 Re7 27. c3
Bxc3 28. Bxc3 f5 29. Qh4 b4 30. Bf6 b3 31. Qh6+ Kg8 32. Qg5+ Kf8 33. Bxe7+ Qxe7
34. Qh6+ Kg8 35. Rxe6 Qg7 36. Qe3 b2 37. Re8+ Bxe8 38. Qxe8+ Qf8 39. Bxd5+ Kg7
40. Qxa4 Qb8 41. Qc2 1-0

[Event "34. Copenhagen Open (Politiken Cup)"]
[Site "Elsinore"]
[Date "2012.07.30"]
[Round "4"]
[White "Franzen, Per Erik"]
[Black "Bach, Matthias"]
[Result "0-1"]
[WhiteElo "2043"]
[BlackElo "2274"]
[PlyCount "54"]
[EventDate "2012.07.28"]
[EventType "swiss"]
[EventRounds "10"]
[EventCountry "DEN"]
[Source "ChessBase"]
[SourceDate "2012.08.24"]

1. d4 d6 2. c4 Nd7 3. Nf3 g6 4. e4 Bg7 5. Be2 e5 6. O-O Ne7 7. Nc3 O-O 8. dxe5
dxe5 9. Ne1 Nc5 10. Be3 Ne6 11. c5 Nc6 12. Nc2 Ncd4 13. b4 c6 14. Rc1 a5 15. a3
axb4 16. axb4 Qe7 17. Bc4 Rd8 18. Qe1 Nxc2 19. Rxc2 Nd4 20. Rd2 Be6 21. Bxe6
Qxe6 22. Qb1 Ra3 23. Rc1 Rda8 24. Rb2 Qc4 25. Bxd4 exd4 26. Nd5 cxd5 27. Rxc4
dxc4 0-1

[Event "34. Copenhagen Open (Politiken Cup)"]
[Site "Elsinore"]
[Date "2012.07.30"]
[Round "4"]
[White "Gebhardt, Ulrich"]
[Black "Stray, Gunnar"]
[Result "1/2-1/2"]
[WhiteElo "2222"]
[BlackElo "2035"]
[PlyCount "96"]
[EventDate "2012.07.28"]
[EventType "swiss"]
[EventRounds "10"]
[EventCountry "DEN"]
[Source "ChessBase"]
[SourceDate "2012.08.24"]

1. d4 d5 2. c4 dxc4 3. Nf3 Nf6 4. e3 Bg4 5. Bxc4 e6 6. h3 Bh5 7. O-O Nbd7 8.
Nc3 Bb4 9. Re1 c5 10. a3 Bxc3 11. bxc3 O-O 12. Bb2 Ne4 13. Bd3 Ng5 14. Be2 Bxf3
15. Bxf3 Nxf3+ 16. Qxf3 Qc7 17. e4 Nb6 18. d5 Nc4 19. Bc1 e5 20. Qd3 b5 21. Rf1
Rab8 22. f4 f6 23. Ra2 Rfc8 24. Kh1 Nd6 25. Be3 a5 26. f5 a4 27. g4 h6 28. h4
Nc4 29. Rg1 Kf7 30. Kg2 Rh8 31. Bc1 Rbg8 32. Kf1 g5 33. fxg6+ Rxg6 34. Rf2 Qd7
35. Qf3 Qd6 36. Qf5 Rgg8 37. Rfg2 b4 38. cxb4 cxb4 39. axb4 a3 40. g5 hxg5 41.
hxg5 Rg6 42. Rc2 Ra8 43. Rxc4 a2 44. Qe6+ Qxe6 45. dxe6+ Kxe6 46. Bb2 a1=Q+ 47.
Bxa1 Rxa1+ 48. Kf2 Rxg1 1/2-1/2

[Event "34. Copenhagen Open (Politiken Cup)"]
[Site "Elsinore"]
[Date "2012.07.30"]
[Round "4"]
[White "Hagen, Thorolf"]
[Black "Henningsen, Lasse"]
[Result "0-1"]
[WhiteElo "1641"]
[BlackElo "1756"]
[PlyCount "52"]
[EventDate "2012.07.28"]
[EventType "swiss"]
[EventRounds "10"]
[EventCountry "DEN"]
[Source "ChessBase"]
[SourceDate "2012.08.24"]

1. e4 e5 2. Nf3 Nc6 3. Bb5 a6 4. Ba4 Nf6 5. Nc3 b5 6. Bb3 Be7 7. O-O O-O 8. d4
exd4 9. Nxd4 Nxd4 10. Qxd4 c5 11. Qd3 c4 12. Bxc4 bxc4 13. Qxc4 d6 14. Be3 Bb7
15. Rad1 Qa5 16. b4 Qe5 17. f4 Qe6 18. Qxe6 fxe6 19. e5 dxe5 20. fxe5 Nd5 21.
Nxd5 Bxd5 22. a3 Rxf1+ 23. Rxf1 Rc8 24. Rf2 Rc3 25. Bc1 a5 26. Bb2 Re3 0-1

[Event "34. Copenhagen Open (Politiken Cup)"]
[Site "Elsinore"]
[Date "2012.07.30"]
[Round "4"]
[White "Haldorsen, Benjamin"]
[Black "Nilsson, Patrik1"]
[Result "0-1"]
[WhiteElo "1811"]
[BlackElo "2078"]
[PlyCount "62"]
[EventDate "2012.07.28"]
[EventType "swiss"]
[EventRounds "10"]
[EventCountry "DEN"]
[Source "ChessBase"]
[SourceDate "2012.08.24"]

1. e4 e6 2. d4 d5 3. Nc3 Nf6 4. Bg5 Be7 5. e5 Nfd7 6. h4 c5 7. Nb5 f6 8. exf6
Nxf6 9. Nf3 a6 10. Nc3 Nc6 11. Be2 O-O 12. dxc5 Bxc5 13. Bxf6 Qxf6 14. Nxd5
Qxb2 15. Ne3 Qc3+ 16. Kf1 Bxe3 17. fxe3 Qxe3 18. h5 Nd4 19. Rb1 Bd7 20. c3 Nxe2
21. Qxe2 Bb5 22. c4 Bxc4 23. Qxc4 Rxf3+ 24. gxf3 Qxf3+ 25. Ke1 Qxh1+ 26. Qf1
Qe4+ 27. Kd2 Rd8+ 28. Kc3 Qe3+ 29. Kb4 Rd4+ 30. Ka5 Rd5+ 31. Kb4 Rb5+ 0-1

[Event "34. Copenhagen Open (Politiken Cup)"]
[Site "Elsinore"]
[Date "2012.07.30"]
[Round "4"]
[White "Halkias, Stelios"]
[Black "Carstensen, Jacob"]
[Result "1/2-1/2"]
[WhiteElo "2570"]
[BlackElo "2352"]
[PlyCount "51"]
[EventDate "2012.07.28"]
[EventType "swiss"]
[EventRounds "10"]
[EventCountry "DEN"]
[Source "ChessBase"]
[SourceDate "2012.08.24"]

1. Nf3 Nf6 2. c4 e6 3. Nc3 Bb4 4. g3 c5 5. Bg2 O-O 6. O-O Nc6 7. d3 Bxc3 8.
bxc3 d6 9. Ne1 d5 10. cxd5 Nxd5 11. Bd2 e5 12. c4 Nde7 13. Nf3 f6 14. Bc3 Be6
15. Nd2 Qd7 16. Re1 Rab8 17. Rb1 Rfd8 18. Qc1 b6 19. Ne4 Bh3 20. Bh1 Bg4 21.
Rb2 Nd4 22. Bxd4 exd4 23. Bf3 Bxf3 24. exf3 Nc6 25. f4 Re8 26. Rbe2 1/2-1/2

[Event "34. Copenhagen Open (Politiken Cup)"]
[Site "Elsinore"]
[Date "2012.07.30"]
[Round "4"]
[White "Hansen, Mads"]
[Black "Wuertz, Jacob"]
[Result "1-0"]
[WhiteElo "2341"]
[BlackElo "1999"]
[PlyCount "57"]
[EventDate "2012.07.28"]
[EventType "swiss"]
[EventRounds "10"]
[EventCountry "DEN"]
[Source "ChessBase"]
[SourceDate "2012.08.24"]

1. e4 e6 2. d4 d5 3. Nc3 dxe4 4. Nxe4 Nd7 5. Nf3 Ngf6 6. Bd3 Be7 7. Qe2 b6 8.
Ne5 Nxe5 9. dxe5 Nxe4 10. Bxe4 Rb8 11. Qg4 g6 12. Bh6 Bb7 13. Bxb7 Rxb7 14. Rd1
Qc8 15. O-O c6 16. Rd3 Rd7 17. Rfd1 Rxd3 18. Rxd3 Qc7 19. f4 b5 20. Bg7 Rg8 21.
Bf6 h5 22. Qf3 Bxf6 23. exf6 g5 24. f5 g4 25. Qe4 g3 26. fxe6 Qb6+ 27. Kh1 Qf2
28. Qxc6+ Kf8 29. e7# 1-0

[Event "34. Copenhagen Open (Politiken Cup)"]
[Site "Elsinore"]
[Date "2012.07.30"]
[Round "4"]
[White "Hansen, Rasmus Agertoft"]
[Black "Karlsson, Jorgen"]
[Result "1/2-1/2"]
[WhiteElo "1946"]
[BlackElo "2163"]
[PlyCount "112"]
[EventDate "2012.07.28"]
[EventType "swiss"]
[EventRounds "10"]
[EventCountry "DEN"]
[Source "ChessBase"]
[SourceDate "2012.08.24"]

1. d4 Nf6 2. c4 g6 3. Nc3 Bg7 4. e4 d6 5. Nf3 Bg4 6. Be2 O-O 7. O-O Nfd7 8. Be3
a5 9. Rc1 Nc6 10. h3 Bxf3 11. Bxf3 e5 12. d5 Ne7 13. Be2 f5 14. f3 f4 15. Bf2
Bf6 16. b3 Kg7 17. a3 Ng8 18. Nb5 b6 19. b4 Be7 20. Qd2 Ngf6 21. Rc2 h5 22.
Rfc1 Ne8 23. Rd1 Bh4 24. Qc3 Bxf2+ 25. Kxf2 Qh4+ 26. Kf1 Qf6 27. Qd2 g5 28. Rc3
Qg6 29. Rdc1 Rf7 30. Bd1 Ndf6 31. c5 axb4 32. axb4 bxc5 33. bxc5 g4 34. hxg4
hxg4 35. cxd6 cxd6 36. Rc6 Nh5 37. Qc3 Ng3+ 38. Kf2 Qf6 39. Nc7 Qh4 40. Ne6+
Kg8 41. Qe1 Nxe4+ 42. Ke2 gxf3+ 43. gxf3 Ng3+ 44. Kd3 Qh7+ 45. Kc4 Rb7 46. Bc2
Qh5 47. Rb1 Rba7 48. Rb3 Nf6 49. Rxd6 Qh2 50. Bd3 Qa2 51. Nc5 Ra4+ 52. Nxa4
Qxa4+ 53. Qb4 Rc8+ 54. Rc6 Rxc6+ 55. dxc6 Qxc6+ 56. Qc5 Qxc5+ 1/2-1/2

[Event "34. Copenhagen Open (Politiken Cup)"]
[Site "Elsinore"]
[Date "2012.07.30"]
[Round "4"]
[White "Hansen, Verner"]
[Black "Rasmussen, Jonas H"]
[Result "0-1"]
[WhiteElo "1878"]
[BlackElo "1673"]
[PlyCount "58"]
[EventDate "2012.07.28"]
[EventType "swiss"]
[EventRounds "10"]
[EventCountry "DEN"]
[Source "ChessBase"]
[SourceDate "2012.08.24"]

1. e4 e5 2. Nf3 Nc6 3. Bb5 Nf6 4. O-O Bd6 5. d4 Nxd4 6. Nxd4 exd4 7. e5 Bxe5 8.
Re1 O-O 9. Rxe5 a6 10. Bd3 c5 11. Bg5 h6 12. Bh4 Rb8 13. Nd2 d5 14. Qf3 g5 15.
Bg3 Bg4 16. Bh7+ Nxh7 17. Qxg4 f5 18. Qh5 f4 19. Re6 fxg3 20. hxg3 Rf6 21. Rae1
Rxe6 22. Rxe6 Qd7 23. Rg6+ Kh8 24. Qxh6 Re8 25. Nf3 g4 26. Ng5 c4 27. Ne6 Re7
28. Nf8 Qf5 29. Rf6 Qxf6 0-1

[Event "34. Copenhagen Open (Politiken Cup)"]
[Site "Elsinore"]
[Date "2012.07.30"]
[Round "4"]
[White "Haubro, Martin"]
[Black "Johansen, Stian"]
[Result "1-0"]
[WhiteElo "2148"]
[BlackElo "2021"]
[PlyCount "47"]
[EventDate "2012.07.28"]
[EventType "swiss"]
[EventRounds "10"]
[EventCountry "DEN"]
[Source "ChessBase"]
[SourceDate "2012.08.24"]

1. e4 c5 2. c3 d5 3. exd5 Qxd5 4. d4 Nc6 5. Nf3 Bg4 6. Be2 e6 7. h3 Bh5 8. c4
Qd7 9. g4 Bg6 10. d5 exd5 11. cxd5 Nb4 12. Ne5 Qxd5 13. Bb5+ Kd8 14. O-O Qxd1
15. Rxd1+ Kc7 16. Bf4 Kb6 17. a4 a6 18. Nc3 Nf6 19. g5 Ne4 20. a5+ Ka7 21. Nxg6
Nxc3 22. bxc3 hxg6 23. Bd7 Nc2 24. Ra2 1-0

[Event "34. Copenhagen Open (Politiken Cup)"]
[Site "Elsinore"]
[Date "2012.07.30"]
[Round "4"]
[White "Haugsdal, Arn Tore"]
[Black "Barane, Simon"]
[Result "1-0"]
[WhiteElo "2068"]
[BlackElo "1835"]
[PlyCount "51"]
[EventDate "2012.07.28"]
[EventType "swiss"]
[EventRounds "10"]
[EventCountry "DEN"]
[Source "ChessBase"]
[SourceDate "2012.08.24"]

1. e4 c5 2. c3 d5 3. exd5 Qxd5 4. d4 Nf6 5. Nf3 Nc6 6. Be2 cxd4 7. cxd4 e6 8.
Nc3 Qa5 9. Bd2 Nd5 10. O-O Nxc3 11. bxc3 Be7 12. c4 Qd8 13. Bc3 Bf6 14. g4 h5
15. g5 Bxg5 16. d5 Nb8 17. Nxg5 Qxg5+ 18. Kh1 f6 19. f4 Qf5 20. Bd3 Qg4 21. Rf3
h4 22. Qe2 O-O 23. Rg1 Qh5 24. Rfg3 Qxe2 25. Rxg7+ Kh8 26. Rh7# 1-0

[Event "34. Copenhagen Open (Politiken Cup)"]
[Site "Elsinore"]
[Date "2012.07.30"]
[Round "4"]
[White "Hector, Jonny"]
[Black "Colpe, Malte"]
[Result "1-0"]
[WhiteElo "2530"]
[BlackElo "2284"]
[PlyCount "73"]
[EventDate "2012.07.28"]
[EventType "swiss"]
[EventRounds "10"]
[EventCountry "DEN"]
[Source "ChessBase"]
[SourceDate "2012.08.24"]

1. e4 c5 2. Nf3 d6 3. d4 cxd4 4. Nxd4 Nf6 5. Nc3 a6 6. Bg5 e6 7. f4 h6 8. Bh4
Qb6 9. Bxf6 gxf6 10. Qd2 Qxb2 11. Nb3 Qa3 12. Be2 h5 13. O-O Nd7 14. Kh1 Be7
15. Rf3 Qb4 16. Rd1 h4 17. Rd3 Kf8 18. Bf3 Rb8 19. a4 Qc4 20. f5 Ne5 21. Rd4
Qc7 22. Ne2 Bd7 23. Nf4 Rc8 24. fxe6 fxe6 25. Rb4 Qxc2 26. Qxc2 Rxc2 27. Nd4
Ra2 28. Rxb7 Kf7 29. Bh5+ Rxh5 30. Nxh5 Bxa4 31. Rf1 Ng4 32. Kg1 Ke8 33. Ng7+
Kf7 34. Nh5 Ke8 35. Nxe6 Bc6 36. Nhg7+ Kf7 37. Nd8+ 1-0

[Event "34. Copenhagen Open (Politiken Cup)"]
[Site "Elsinore"]
[Date "2012.07.30"]
[Round "4"]
[White "Hedlerfog, Robert"]
[Black "Valembois, Pierre"]
[Result "1/2-1/2"]
[WhiteElo "1714"]
[BlackElo "1292"]
[PlyCount "71"]
[EventDate "2012.07.28"]
[EventType "swiss"]
[EventRounds "10"]
[EventCountry "DEN"]
[Source "ChessBase"]
[SourceDate "2012.08.24"]

1. b4 g5 2. Bb2 Nf6 3. e4 d6 4. Bc4 Rg8 5. Bxf6 exf6 6. Qh5 Rg7 7. Nc3 Nc6 8.
Bb5 a6 9. Bxc6+ bxc6 10. Nge2 g4 11. Nd4 Bd7 12. Nf5 Bxf5 13. Qxf5 d5 14. exd5
Qe7+ 15. Kd1 Rg5 16. Qf4 Rd8 17. dxc6 Qxb4 18. Qxf6 Rxd2+ 19. Kxd2 Rd5+ 20. Ke1
Rd6 21. Rb1 Rxf6 22. Rxb4 Bxb4 23. Ke2 Bxc3 24. Kd3 Rxc6 25. h3 g3 26. fxg3 Bh8
27. Re1+ Re6 28. Rb1 Rd6+ 29. Kc4 Be5 30. Re1 f6 31. Re2 Kf7 32. g4 Kg6 33. h4
Rd4+ 34. Kc5 Rxg4 35. Kc6 Rxh4 36. Kb7 1/2-1/2

[Event "34. Copenhagen Open (Politiken Cup)"]
[Site "Elsinore"]
[Date "2012.07.30"]
[Round "4"]
[White "Henrichsen, Jens"]
[Black "Jensen, Morten Frank"]
[Result "1/2-1/2"]
[WhiteElo "1887"]
[BlackElo "2037"]
[PlyCount "74"]
[EventDate "2012.07.28"]
[EventType "swiss"]
[EventRounds "10"]
[EventCountry "DEN"]
[Source "ChessBase"]
[SourceDate "2012.08.24"]

1. d4 g6 2. Nf3 Bg7 3. c4 c5 4. Nc3 cxd4 5. Nxd4 Nc6 6. Nb3 d6 7. e4 Nf6 8. Be2
O-O 9. O-O a5 10. Be3 a4 11. Nd4 a3 12. b3 Qa5 13. Rc1 Be6 14. f3 Nd7 15. Qd2
Nc5 16. Rfd1 Rfd8 17. Bf1 Bd7 18. Nde2 Ne5 19. Nd4 h5 20. h3 Nc6 21. Nde2 Kh7
22. Nf4 Ne6 23. Nfd5 Nc5 24. Kh1 Be6 25. Be2 Rd7 26. Nf4 Rad8 27. Nfd5 Bxd5 28.
exd5 Nb4 29. Bd4 Bxd4 30. Qxd4 Nxa2 31. Nxa2 Nxb3 32. Qc3 Qa4 33. Rb1 Nc5 34.
Rb5 Ra8 35. Rdb1 Rc7 36. Bd1 Qa7 37. Bc2 Nd7 1/2-1/2

[Event "34. Copenhagen Open (Politiken Cup)"]
[Site "Elsinore"]
[Date "2012.07.30"]
[Round "4"]
[White "Hillarp Persson, Tiger"]
[Black "Kristiansen, Jens"]
[Result "1/2-1/2"]
[WhiteElo "2575"]
[BlackElo "2426"]
[PlyCount "111"]
[EventDate "2012.07.28"]
[EventType "swiss"]
[EventRounds "10"]
[EventCountry "DEN"]
[Source "ChessBase"]
[SourceDate "2012.08.24"]

1. e4 c5 2. Nf3 Nc6 3. d4 cxd4 4. Nxd4 Nf6 5. Nc3 d6 6. Bc4 Qb6 7. Nb3 e6 8.
Bf4 Ne5 9. Be2 Be7 10. g4 a6 11. g5 Nfd7 12. Bg3 Qc7 13. f4 Nc6 14. Qd2 b5 15.
O-O-O b4 16. Na4 Nb6 17. Nxb6 Qxb6 18. h4 a5 19. Nd4 Nxd4 20. Qxd4 Qxd4 21.
Bb5+ Bd7 22. Bxd7+ Kxd7 23. Rxd4 h6 24. Rhd1 Ra6 25. R4d3 hxg5 26. hxg5 Rc6 27.
Kb1 Rc4 28. Re1 Rhc8 29. Re2 g6 30. Be1 Rh8 31. a3 bxa3 32. Rxa3 a4 33. Rf3 Rh1
34. Ka2 Rd4 35. Bd2 Rc4 36. Ba5 Rd4 37. Bd2 Rc4 38. Ba5 Rd4 39. Rc3 Bd8 40.
Bxd8 Kxd8 41. Rc6 Rh4 42. c3 Kd7 43. Ra6 Rc4 44. f5 Rhxe4 45. Ra7+ Kc6 46. Rxe4
Rxe4 47. fxg6 fxg6 48. Rg7 Rg4 49. Rxg6 Kd5 50. Ka3 e5 51. Rg8 Ke6 52. Rc8 Rxg5
53. Kxa4 Kd7 54. Rh8 e4 55. Kb3 Rg2 56. Kc4 1/2-1/2

[Event "34. Copenhagen Open (Politiken Cup)"]
[Site "Elsinore"]
[Date "2012.07.30"]
[Round "4"]
[White "Hinrichs, Jan"]
[Black "Klings, Peter"]
[Result "0-1"]
[WhiteElo "2008"]
[BlackElo "2178"]
[PlyCount "82"]
[EventDate "2012.07.28"]
[EventType "swiss"]
[EventRounds "10"]
[EventCountry "DEN"]
[Source "ChessBase"]
[SourceDate "2012.08.24"]

1. d4 g6 2. e4 Bg7 3. Nf3 c5 4. Nc3 cxd4 5. Nxd4 Nc6 6. Nb3 Nf6 7. Be2 d6 8.
Be3 Bd7 9. f4 Rc8 10. g4 h6 11. h3 Na5 12. Bd4 e5 13. fxe5 dxe5 14. Bxe5 O-O
15. g5 Nxb3 16. gxf6 Re8 17. Bg3 Rxc3 18. bxc3 Qxf6 19. axb3 Qxc3+ 20. Kf2 Rxe4
21. Ra4 Qe3+ 22. Kg2 Bxa4 23. bxa4 Qxe2+ 24. Qxe2 Rxe2+ 25. Kf3 Rxc2 26. Rd1
Bf6 27. Rd7 Ra2 28. Rxb7 Rxa4 29. Bd6 Kg7 30. Rb8 g5 31. Bf8+ Kg6 32. Bd6 Rd4
33. Bc5 Rd3+ 34. Kg2 Be5 35. Re8 f6 36. Bf2 Rd2 37. Kf3 Rd3+ 38. Kg2 Rd2 39.
Kf3 h5 40. Be3 Ra2 41. Ke4 Ra4+ 0-1